00394nam a22000977a 450000500170000000800410001704000130005810000360007124501620010726000270026920250908110457.0250908b |||||||| |||| 00| 0 eng d aKMUcKMU aMulenga, KamindwaeAgroforestry aComperative Study of the Use of Gliricidia Sepium and Tithonia Diversifolia Leaf Biomass on the Performance of Spinacia Oleracea (Spinach)cMulenga, Kamindwa aChinsali:bKMU,c2010.